Central Library OPAC University of Rajshahi

Islam and communism / (Record no. 56992)

MARC details
000 -LEADER
fixed length control field 00579nam a2200205 a 4500
001 - CONTROL NUMBER
control field 56992
003 - CONTROL NUMBER IDENTIFIER
rucl marc code BD-RjUL
005 - DATE AND TIME OF LATEST TRANSACTION
control field 20211209080446.0
008 - FIXED-LENGTH DATA ELEMENTS--GENERAL INFORMATION
fixed length control field 161205s1957 bg ||||| |||| 00| 0 eng d
035 ## - SYSTEM CONTROL NUMBER
System control number (BD-RjUL)57116
040 ## - CATALOGING SOURCE
Original cataloging agency BD-RjUL
Language of cataloging eng
Transcribing agency BD-RjUL
Modifying agency BD-RjUL
041 ## - LANGUAGE CODE
Language code of text/sound track or separate title eng
082 ## - DEWEY DECIMAL CLASSIFICATION NUMBER
Edition number 23
Classification number 297.273
Author mark and year JAI 1957
100 ## - MAIN ENTRY--PERSONAL NAME
Personal name Jafri, Syned Ajaz Husain.
9 (RLIN) 169370
245 ## - TITLE STATEMENT
Title Islam and communism /
Statement of responsibility, etc. Syned Ajaz Husain Jafri.
260 ## - PUBLICATION, DISTRIBUTION, ETC. (IMPRINT)
Place of publication, distribution, etc. Dacca :
Name of publisher, distributor, etc. Islamic Symposium,
Date of publication, distribution, etc. c1957.
300 ## - PHYSICAL DESCRIPTION
Pagination 33 p. ;
Size 19 cm.
650 ## - SUBJECT ADDED ENTRY--TOPICAL TERM
Topical term or geographic name as entry element Islam and Communism
9 (RLIN) 169371
942 ## - ADDED ENTRY ELEMENTS (KOHA)
Source of classification or shelving scheme Dewey Decimal Classification
Koha item type Books
Holdings
Lost status Source of classification or shelving scheme Damaged status Not for loan Collection code Permanent Location Current Location Shelving location Date acquired Source of acquisition Total Checkouts Full call number Date last seen Copy number Koha item type
  Dewey Decimal Classification   Not For Loan Non-fiction Central Library, University of Rajshahi Central Library, University of Rajshahi Rare Book Section 02/01/1963 S.M.Hilali   297.273 JAI 1957 05/12/2016 C-1 Books